| 000 | 00596cam a22002291 4500 | ||
|---|---|---|---|
| 001 | sa 64007055 | ||
| 003 | DLC | ||
| 005 | 20260227112044.0 | ||
| 008 | 890720s1962 ii ch b 000 0 hino | ||
| 010 | _asa 64007055 | ||
| 035 | _a(OCoLC)20043177 | ||
| 040 |
_aDLC _cWaU _dDLC |
||
| 042 | _apremarc | ||
| 050 | 0 | 0 |
_aPK2098.S5355 _bZ87 |
| 100 | 1 | _aŚukla, Candrśekhara. | |
| 245 | 1 | 0 | _aRāmacandra śukla. |
| 260 | _c[1962] | ||
| 300 |
_a18, 357 p. _bfacsims., ports. _c22 cm. |
||
| 500 | _aIn Hindi. | ||
| 504 | _aBibliographical footnotes. | ||
| 600 | 1 | 0 |
_aShukla, Ram Chandra, _d1884-1941. |
| 999 |
_c60035 _d60035 |
||